000 00537nam a22001817a 4500
999 _c192166
_d192166
005 20220913111041.0
010 _aENG-135043
020 _a978-93-80200-11-8
_c499.00
035 _aEN-118575
037 _bDBAD/PUB
082 _a332.1
100 _aPandit, Amar
245 _aThe Art & Science of teaching children about money/
_cAmar Pandit
260 _bTV18 Broadcast Ltd.
_c2017
270 _bMumbai
_e400013
_a414, Ist floor Empire Mills Empire
300 _a199p.
_c22cm(hbk)
942 _2ddc
_cEN
_h332.1
_mPAN